000 00683nam a2200265Ia 4500
005 20260121172233.0
008 008 260114s9999 xx 000 0 eng d
020 _a9783030533298
037 _aEBOOK
040 _aCRL
040 _beng
040 _cCRL
041 _2eng
041 _aeng
084 _qCRL
100 _aStephen Crowder, Collin Delker, Eric Forrest, Nevin Martin
_91085965
245 0 _aIntroduction to Statistics in Metrology
260 _bSpringer
260 _bSpringer
260 _c2020
856 _uhttps://link.springer.com/openurl?genre=book&isbn=978-3-030-53329-8
942 _cEBOOK
999 _c1651702
_d1651702